Statistics for Countries with Michelin 3-star restaurants

Click here to take the quiz!

General Stats

  • This quiz has been taken 123 times
    (25 since last reset)
  • The average score is 16 of 17

Answer Stats

HintAnswer% Correct
4China
100%
31France
100%
9Germany
100%
21Japan
100%
13Spain
100%
1Sweden
100%
8United Kingdom
100%
14United States
100%
2Denmark
95%
4Switzerland
95%
3Belgium
90%
12Italy
90%
2Netherlands
90%
1Austria
85%
2South Korea
85%
3Singapore
80%
1Taiwan
60%

Score Distribution

Percentile by Number Answered

Percent of People with Each Score

Your Score History

You have not taken this quiz since the last reset